| 000 | 00544cam a22002172a 4500 | ||
|---|---|---|---|
| 001 | 000010 | ||
| 003 | AR-FADEU | ||
| 008 | 311216n1989####xxu####################dd | ||
| 100 | _aAbbs, Brian | ||
| 245 | _aBlueprint Intermediate | ||
| 300 | _a3 | ||
| 300 | _fCassettes | ||
| 260 | _aLondon | ||
| 260 | _bLongman | ||
| 260 | _c1989 | ||
| 020 | _a0 582 021359 | ||
| 546 | _aInglés | ||
| 500 | _aLa Biblioteca posee además: Libro de texto y una copia de los cassettes. | ||
| 650 | _aLengua Inglesa-estudio y enseñanza | ||
| 942 | _cAUDIO | ||
| 999 |
_c22 _d22 |
||